000 00503nam a2200205Ia 4500
005 20250923150324.0
008 008 250917s9999 xx 000 0 eng d
037 _aTextual
040 _aDSWL
_beng
_cDSWL
041 _aeng
_2eng
084 _qDSWL
100 _aDaruwala,M
_9844678
245 4 _aThe right to know a voter's guide
_cby M Daruwala
260 _aNew Delhi
_bVani
_c2003
300 _a45p.
365 _aINR
_b50
925 _g50
942 _cTEXL
999 _c1462163
_d1462163